Normal view
MARC view
Entry Topical Term
001 - CONTROL NUMBER
- control field: 2483
003 - CONTROL NUMBER IDENTIFIER
- control field: ARRUPE
005 - DATE AND TIME OF LATEST TRANSACTION
- control field: 20131011135627.0
008 - FIXED-LENGTH DATA ELEMENTS
- fixed length control field: 131011|| aca||aabn | a|a d
040 ## - CATALOGING SOURCE
- Original cataloging agency: ARRUPE
- Transcribing agency: ARRUPE
150 ## - HEADING--TOPICAL TERM
- Topical term or geographic name as entry element: Politics and literature
- Geographic subdivision: Africa, French-speaking
- General subdivision: History
- Chronological subdivision: 20th century.
670 ## - SOURCE DATA FOUND
- Source citation: Work cat.: (ARRUPE)0: Cazenave, Odile M. (Odile Marie), 1961- 2481, Contemporary Francophone African writers and the burden of commitment /, 2011.